000 00662nam a2200241Ia 4500
003 OSt
005 20220923225256.0
006 a|||||r|||| 00| 0
007 ta
008 220922b |||||||| |||| 00| 0 hin d
024 _a261,992
037 _cTextual
040 _aARTS
_cARTS
_bhin
041 _2hin
_ahin
082 _aV243, 152M4
245 0 _aपंजाब आन्दोलन पर श्वेत पत्र
246 _aPanjāb āndolan par shvet patra
260 _c1984
300 _a115पृ.
_ccm.
650 _aविश्व-इतिहास
942 _hV243, 152M4
_cTEXL
_2CC
999 _c377189
_d377189